000 00863nam a2200229 i 4500
001 55803
003 ES-MaACL
005 20251009160649.0
007 t|
008 030926s1969 sp |||| | spa d
245 0 0 _aDiakonía pisteos
_b: al reverendo Padre José Antonio de Aldama, S.I., un grupo de amigos y de discípulos en sus treinta y cinco años de profesorado.
260 _aGranada :
_bFacultad de Teología de Granada,
_c1969.
300 _a307 p. ;
_c24 cm.
490 1 _aBiblioteca teológica granadina ;
_v13
504 _aBibliografía.
600 1 4 _aAldama, José Antonio de,
_d1903-1980
_919598
650 0 7 _aTeología
_2embne
_917457
710 2 _aUniversidad de Granada.
_bFacultad de Teología.
_97186
830 0 _aBiblioteca teológica granadina ;
_v13
_9230354
852 _aES-MaACL
_jC-46110
999 _c55803
_d55803